The mirror crack'd from side to side (Record no. 481711)

000 -LEADER
fixed length control field 00479 a2200145 4500
020 ## - INTERNATIONAL STANDARD BOOK NUMBER
International Standard Book Number 0007120982
040 ## - CATALOGING SOURCE
Original cataloging agency Library of Congress
Language of cataloging English
082 ## - DEWEY DECIMAL CLASSIFICATION NUMBER
Classification number 823.912
100 ## - MAIN ENTRY--PERSONAL NAME
Personal name Christie, Agatha.
245 ## - TITLE STATEMENT
Title The mirror crack'd from side to side
Statement of responsibility, etc. Agatha Christie
260 ## - PUBLICATION, DISTRIBUTION, ETC.
Place of publication, distribution, etc. London:
Name of publisher, distributor, etc. Harper Collins Publishers,
Date of publication, distribution, etc. 1962.
300 ## - PHYSICAL DESCRIPTION
Extent 351 p. ;
Dimensions 19 cm.
650 ## - SUBJECT ADDED ENTRY--TOPICAL TERM
Topical term or geographic name entry element 1.Marple, Jane (Fictitious character) --Fiction.2.Women detectives --England --Fiction.
942 ## - ADDED ENTRY ELEMENTS (KOHA)
Koha item type Book
Source of classification or shelving scheme
Holdings
Withdrawn status Lost status Source of classification or shelving scheme Damaged status Not for loan Permanent Location Current Location Date acquired Total Checkouts Full call number Barcode Date last seen Price effective from Koha item type
          School of Civil and Environmental Engineering (SCEE) School of Civil and Environmental Engineering (SCEE) 01/27/2020   823.912 NIT-9487 01/27/2020 01/27/2020 Book
© 2023 Central Library, National University of Sciences and Technology. All Rights Reserved.